Maailman tärkeimmät viljelykasvit - Statistics

Yleistilastot
  • Tätä visaa on pelattu 871 kertaa
    870 viimeisimmän päivityksen jälkeen
  • Keskiarvotulos 24 / 50
Vastaustilastot
Tuotanto Viljelykasvi % Oikein
946 milj. Vehnä
95%
157 milj. Ohra
92%
987 milj. Riisi
92%
27,0 milj. Kaura
88%
470 milj. Peruna
84%
1441 milj. Maissi
82%
147 milj. Banaani
79%
44,2 milj. Keittobanaani
79%
84,1 milj. Appelsiini
75%
143 milj. Omena
75%
61,0 milj. Porkkana / nauris
73%
254 milj. Tomaatti
70%
172 milj. Kurkku
68%
71,3 milj. Mandariini
63%
45,7 milj. Päärynä
58%
42,1 milj. Lehtisalaatti
57%
87,6 milj. Viinirypäle
57%
135 milj. Sipuli
56%
133 milj. Bataatti
52%
108 milj. Keräkaali
52%
41,4 milj. Vihreä papu
50%
32,5 milj. Herne
48%
31,7 milj. Ananas
47%
24,2 milj. Sitruuna / limetti
47%
53,8 milj. Chili
44%
369 milj. Soijapapu
44%
63,1 milj. Mango
43%
160 milj. Vesimeloni
41%
42,8 milj. Meloni
40%
2026 milj. Sokeriruoko
39%
50,5 milj. Valkosipuli
39%
33,6 milj. Hirssi
37%
30,2 milj. Kurpitsa
36%
62,8 milj. Kookospähkinä
35%
103 milj. Rapsi / rypsi
35%
35,7 milj. Kukkakaali / parsakaali
33%
43,2 milj. Persikka
33%
87,8 milj. Puuvilla
29%
270 milj. Sokerijuurikas
26%
44,3 milj. Teenlehdet
24%
57,2 milj. Auringonkukansiemen
23%
88,3 milj. Jamssi
22%
93,8 milj. Herkkusieni
19%
97,6 milj. Munakoiso
18%
72,6 milj. Maapähkinä
17%
425 milj. Öljypalmun hedelmä
16%
60,8 milj. Durra
15%
335 milj. Maniokki
13%
63,8 milj. Pinaatti
12%
19,7 milj. Taaro
3%
Ehtoja vastaavia visoja ei löytynyt
Tulosjakauma
Jokaisen tuloksen saaneiden osuus
Persentiili vastausten määrän mukaan
Tuloshistoriasi
Et ole pelannut tätä visaa sen viimeisimmän päivityksen jälkeen